Рассказы и фельетоны: пер. с чеш.

Détails bibliographiques
Auteur principal: Гашек Я. Ярослав
Autres auteurs: Борн А. (иллюстратор)
Langue:russe
Publié: Прага, Лидове накладательстви, 1982
Sujets:
Format: MixedMaterials Livre
KOHA link:https://koha.lib.tpu.ru/cgi-bin/koha/opac-detail.pl?biblionumber=81174

MARC

LEADER 00000nam0a2200000 4500
001 81174
005 20231101213144.0
020 |a RU  |b 83-80856 
035 |a (RuTPU)RU\TPU\book\87270 
090 |a 81174 
100 |a 20050917d1982 m y0rusy5003 ca 
101 1 |a rus  |c cze 
102 |a CZ 
105 |a a z 000ay 
200 1 |a Рассказы и фельетоны  |e пер. с чеш.  |f Я. Гашек  |g худож. А. Борн 
210 |a Прага  |c Лидове накладательстви  |d 1982 
215 |a 248 с.  |c ил. 
606 1 |a Чешская литература  |2 stltpush  |3 (RuTPU)RU\TPU\subj\80268  |9 88014 
610 1 |a художественная литература 
610 1 |a рассказы 
675 |a 885  |z rus 
700 1 |a Гашек  |b Я.  |c чешский писатель-сатирик  |f 1883-1923  |g Ярослав  |2 stltpush  |3 (RuTPU)RU\TPU\pers\14063  |9 4546 
702 1 |a Борн  |b А.  |4 440 
801 0 |a RU  |b RuMRKP  |c 19950704  |g psbo 
801 1 |a RU  |b 63413507  |c 20050917  |g PSBO 
801 2 |a RU  |b 63413507  |c 20221010  |g PSBO 
942 |c BK